1807 1182 1917 1672 1852 1818 1125 1362 1074 1355 1234 1029 1416 1869 1719 1487 1975 1445 1568 1179 1621 1156 1377 1498 1034 1101 1253 1577 1948 1523 1024 1191 1680 1889 1753 1668 1063 1120 1343 1894 1472 1647 1124 1394 1669 1738 1927 1692 1565 1855 1648 1692 1346 1152 1430 1067 1040 1626 1939 1237 1937 1300 1904 1470 1572 1787 1847 1931 1289 1884 1129 1620 1666 1335 1265 1212 1547 1066 1505 1920 1861 1296 1184 1901 1311 1193 1736 1610 1059 1006 1518 1527 1732 1517 1129 1313 1143 1698 1837 BCNSPRNW ULIB Ver.6.0+V

เปลี่ยนเป็นภาษาไทย

Change to English
 แสดงรายละเอียดบรรณานุกรม
  กลับหน้าหลัก

Brief Record : Get Marc (ISO 2709) : E-mail record : QR code < ปิดหน้าต่าง
LEADER : 00000nam 2200000uu 4500
001    13399121895
003     ULIB
008    121213s2548||||th 000 0 tha d
020    ^a9749944313
060 04 ^aWF145^bส818R 2548
245 00 ^aRespiratory care =^bการบำบัดด้วยออกซิเจนและการดูแลทางเดินหายใจ : การปฏิบัติที่เป็นเลิศ /^cบรรณาธิการ, สุนิสา ฉัตรมงคลชาติ, ภัณฑิลา รุจิโรจน์จินดากุล, เพลินพิศ ฐานิวัฒนานนท์
246 31 ^aการบำบัดด้วยออกซิเจนและการดูแลทางเดินหายใจ :^bการปฏิบัติที่เป็นเลิศ
250    ^aพิมพ์ครั้งที่ 1
260    ^aสงขลา :^bหน่วยผลิตตำรา คณะแพทยศาสตร์มหาวิทยาลัยสงขลานครินทร์,^c2548
300    ^a194 หน้า :^bภาพประกอบ ;^c22 ซม.
650  7 ^aการหายใจ, ระบบ
650  7 ^aทางเดินอากาศหายใจ, การติดเชื้อ^xการรักษา
700 0  ^aสุนิสา ฉัตรมงคลชาติ,^eบรรณาธิการ
700 0  ^aภัณฑิลา รุจิโรจน์จินดากุล,^eบรรณาธิการ
700 0  ^aเพลินพิศ ฐานิวัฒนานนท์,^eบรรณาธิการ
710 2  ^aมหาวิทยาลัยสงขลานครินทร์. ^bคณะแพทยศาสตร์
945    ^p0^l0^i24084
995    ^aกัณชพร
999 ^a ใช้งานได้ทุกระบบ
รายการนี้ยังไม่มีแท็ก
คุณยังไม่ได้ล็อกอิน คุณสามารถมีกิจกรรมร่วมกับเว็บไซต์ได้ แต่ต้องล็อกอินก่อน ::
  ล็อกอิน

รายการสื่อสารสนเทศ

ลำดับที่ ประเภท เลขเรียก/บาร์โค้ด สถานที่ สถานะ
1. วิทยาศาสตร์การแพทย์ และสุขภาพ
วิทยาศาสตร์การแพทย์ และสุขภาพ
WF145 ส818R 2548  
  Barcode: 24084
ห้องสมุดวิทยาเขตสวรรค์ประชารักษ์
►หนังสือทั่วไป
บนชั้น

รายการใกล้เคียง
    หัวเรื่อง [การหายใจ, ระบบ]

BibComment


ยังไม่เคยถูกคอมเมนท์

คอมเมนท์ทรัพยากรรายการนี้
  คอมเมนท์: Respiratory care..


 Copyright 2026. Bcnsprnw @Library